00453nam a22001457a 4500020001500000082001700015100002000032245009100052260003500143300000800178490002300186505003000209650005900239650000900298 a9552300541 a541.2254 KUL aKularatne,K.W.S aPolymer chemistry- Part 11:Molecular Masses of Polymers and Kinetics of polymerization aColombobOpen Universityc1991 a46p aLevel 5 - CHU 3122 aBachelor Science :Level 5 apolymer chemistryamolecular,kineticsa polymerization aOUSL